The MATLAB 5 handbook / (Record no. 61214)
[ view plain ]
| 000 -LEADER | |
|---|---|
| fixed length control field | 01268cam a2200313 a 4500 |
| 001 - CONTROL NUMBER | |
| control field | 2105482 |
| 003 - CONTROL NUMBER IDENTIFIER | |
| control field | NUST-PNEC |
| 005 - DATE AND TIME OF LATEST TRANSACTION | |
| control field | 20170116180717.0 |
| 008 - FIXED-LENGTH DATA ELEMENTS--GENERAL INFORMATION | |
| fixed length control field | 960222s1998 nyua b 001 0 eng |
| 010 ## - LIBRARY OF CONGRESS CONTROL NUMBER | |
| LC control number | 96010769 |
| 020 ## - INTERNATIONAL STANDARD BOOK NUMBER | |
| International Standard Book Number | 0387942009 |
| 040 ## - CATALOGING SOURCE | |
| Transcribing agency | PNEC |
| 050 00 - LIBRARY OF CONGRESS CALL NUMBER | |
| Classification number | QA297 |
| Item number | .R395 1998 |
| 082 00 - DEWEY DECIMAL CLASSIFICATION NUMBER | |
| Classification number | 519.4028 RED |
| 100 1# - MAIN ENTRY--PERSONAL NAME | |
| Personal name | Redfern, Darren. |
| 245 14 - TITLE STATEMENT | |
| Title | The MATLAB 5 handbook / |
| Statement of responsibility, etc. | Darren Redfern, Colin Campbell. |
| 246 3# - VARYING FORM OF TITLE | |
| Title proper/short title | MATLAB five handbook |
| 260 ## - PUBLICATION, DISTRIBUTION, ETC. | |
| Place of publication, distribution, etc. | New York : |
| Name of publisher, distributor, etc. | Springer, |
| Date of publication, distribution, etc. | c1998. |
| 300 ## - PHYSICAL DESCRIPTION | |
| Extent | xi, 488 p. : |
| Other physical details | ill. ; |
| Dimensions | 24 cm. |
| 500 ## - GENERAL NOTE | |
| General note | Includes index. http://www.amazon.com/Matlab-Superscript-%C2%AE-Handbook/dp/0387942009/ref=sr_1_1?s=books&ie=UTF8&qid=1413886798&sr=1-1&keywords=0387942009 |
| 630 00 - SUBJECT ADDED ENTRY--UNIFORM TITLE | |
| Uniform title | MATLAB. |
| 650 #0 - SUBJECT ADDED ENTRY--TOPICAL TERM | |
| Topical term or geographic name entry element | Numerical analysis |
| General subdivision | Data processing. |
| -- | ME, MIS |
| 700 1# - ADDED ENTRY--PERSONAL NAME | |
| Personal name | Campbell, Colin, |
| Dates associated with a name | 1959- |
| 856 42 - ELECTRONIC LOCATION AND ACCESS | |
| Materials specified | Publisher description |
| Uniform Resource Identifier | <a href="http://www.loc.gov/catdir/enhancements/fy0815/96010769-d.html">http://www.loc.gov/catdir/enhancements/fy0815/96010769-d.html</a> |
| 856 41 - ELECTRONIC LOCATION AND ACCESS | |
| Materials specified | Table of contents only |
| Uniform Resource Identifier | <a href="http://www.loc.gov/catdir/enhancements/fy0815/96010769-t.html">http://www.loc.gov/catdir/enhancements/fy0815/96010769-t.html</a> |
| 906 ## - LOCAL DATA ELEMENT F, LDF (RLIN) | |
| a | 7 |
| b | cbc |
| c | orignew |
| d | 1 |
| e | ocip |
| f | 19 |
| g | y-gencatlg |
| 942 ## - ADDED ENTRY ELEMENTS (KOHA) | |
| Source of classification or shelving scheme | |
| Koha item type | Book |
| Withdrawn status | Lost status | Source of classification or shelving scheme | Damaged status | Not for loan | Permanent Location | Current Location | Shelving location | Date acquired | Total Checkouts | Full call number | Barcode | Date last seen | Price effective from | Koha item type |
|---|---|---|---|---|---|---|---|---|---|---|---|---|---|---|
| Pakistan Navy Engineering College (PNEC) | Pakistan Navy Engineering College (PNEC) | 519.4028 RED | PNECLIB-025516 | 07/30/2015 | Book |
